متحف المركبات التاريخية

محفوظ في:

المؤلف الرئيسي: Muḥammad Aḥmad Ibrāhīm. Muḥammad.

مؤلفون آخرون: DiyāʾMaḥmūd Abū Ġāzī.

التنسيق: كتاب

اللغة: Undetermined

منشور في: Al-Qāhirah Al-hayyat aleamat lishuyuwn almatabie al'amiria 1982

الموضوعات:

الوسوم: إضافة وسم

لا توجد وسوم, كن أول من يضع وسما على هذه التسجيلة!

رقم الطلب: A70 ARAB MOHA

LEADER 00669nam a2200169Ia 4500
008 240404s9999||||xx |||||||||||||| ||und||
050 4 |a A70 ARAB MOHA 
100 1 |a Muḥammad Aḥmad Ibrāhīm. Muḥammad. 
245 1 0 |a متحف المركبات التاريخية  |c Muḥammad Aḥmad Ibrāhīm. Muḥammad 
264 1 |a Al-Qāhirah  |b Al-hayyat aleamat lishuyuwn almatabie al'amiria  |c 1982 
300 |a 80 p.-[46] f. de pl. dont 1 dépl.  |b ill., plans.  |c 24 
650 4 |a Catalogues 
650 4 |a Véhicules hippomobiles Égypte 19e siècle 
650 4 |a Véhicules hippomobiles Égypte 20e siècle 
700 1 |a DiyāʾMaḥmūd Abū Ġāzī. 
942 |2 lcc  |c BK 
999 |c 58159  |d 58159